Introduction to linear models / (Record no. 181391)

000 -LEADER
fixed length control field 01153 a2200229 4500
003 - CONTROL NUMBER IDENTIFIER
control field Nust
005 - DATE AND TIME OF LATEST TRANSACTION
control field 20230711083251.0
010 ## - LIBRARY OF CONGRESS CONTROL NUMBER
LC control number 83019623
020 ## - INTERNATIONAL STANDARD BOOK NUMBER
International Standard Book Number 0803921756
040 ## - CATALOGING SOURCE
Transcribing agency Nust
082 00 - DEWEY DECIMAL CLASSIFICATION NUMBER
Classification number 519.5,CHA
100 1# - MAIN ENTRY--PERSONAL NAME
Personal name Dunteman, George H.
9 (RLIN) 113499
245 10 - TITLE STATEMENT
Title Introduction to linear models /
Statement of responsibility, etc. George H. Dunteman.
260 ## - PUBLICATION, DISTRIBUTION, ETC.
Place of publication, distribution, etc. Beverly Hills :
Name of publisher, distributor, etc. Sage Publications,
Date of publication, distribution, etc. c1984.
300 ## - PHYSICAL DESCRIPTION
Extent 357 p. :
Other physical details ill. ;
Dimensions 24 cm.
505 ## - FORMATTED CONTENTS NOTE
Formatted contents note Introduction (Page-9), Basic Statistical Concepts (Page-11), Matrix Algebra (Page-77), Multiple Regression Analysis (Page-129), Linear Regression with one Categorical Independent (Page-191), Linear Regressions with two Categorical Independent Variables (Page-223), Regression Models with Interaction (Page-259), Analysis of Covariance (Page-303), Analysis Considerations and Model Extension (Page-327).
650 #0 - SUBJECT ADDED ENTRY--TOPICAL TERM
Topical term or geographic name entry element Linear models (Statistics)
9 (RLIN) 11036
650 #0 - SUBJECT ADDED ENTRY--TOPICAL TERM
Topical term or geographic name entry element Regression analysis.
856 42 - ELECTRONIC LOCATION AND ACCESS
Materials specified Publisher description
Uniform Resource Identifier <a href="http://www.loc.gov/catdir/enhancements/fy0654/83019623-d.html">http://www.loc.gov/catdir/enhancements/fy0654/83019623-d.html</a>
856 42 - ELECTRONIC LOCATION AND ACCESS
Materials specified Table of contents only
Uniform Resource Identifier <a href="http://www.loc.gov/catdir/enhancements/fy0654/83019623-t.html">http://www.loc.gov/catdir/enhancements/fy0654/83019623-t.html</a>
942 ## - ADDED ENTRY ELEMENTS (KOHA)
Source of classification or shelving scheme
Koha item type Book
Holdings
Withdrawn status Lost status Source of classification or shelving scheme Damaged status Not for loan Permanent Location Current Location Shelving location Date acquired Full call number Barcode Date last seen Price effective from Koha item type Public note
          Military College of Signals (MCS) Military College of Signals (MCS) General Stacks 12/12/2016 519.5,DUN MCS7158 12/08/2016 12/12/2016 Book Bank Almirah No.112, Shelf No.1
© 2023 Central Library, National University of Sciences and Technology. All Rights Reserved.